000 01266nam a2200325 a 4500
001 000114381
003 CHAP
005 20220617134830.0
008 180117s2017 mx |sm |||||||spa d
010 _a110842
011 _a111814
040 _cCHAP
090 _aTesis
100 1 _aAragón Martínez, Arturo Israel
_ecolaborador
_9134387
245 1 0 _aEfecto de la aplicación de distintas dosis de ethrel sobre la maduración y calidad de tres poblaciones nativas y un híbrido comercial de jitomate cosechados en dos estados de madurez
_h[En línea]
_cpor Arturo Israel Aragón Martínez.
260 _aChapingo, Méx. :
_bEl autor,
_c2017.
500 _aPara ver el contenido del material haga clic en la liga
502 _aTesis (Ing. Agr. Agroindustrial) -- UACH. Departamento de Ingeniería Agroindustrial
590 _aBATCH
_b00
_c20181121
_lUCH01
_h0758
590 _aE6337LMJ
_b05
_c20180117
_lUCH01
_h1417
590 _aE6337LMJ
_b05
_c20180117
_lUCH01
_h1419
650 1 4 _aTomate
_xCalidad.
_9113692
650 1 4 _aTomate
_xMaduración.
_9113735
650 1 4 _aTomate
_xVariedades.
_9113777
856 _a1
_n0000440
856 _aFinding aid
_uhttp://10.13.5.2/tesis/sist114381.pdf
_zTeclea aquí
901 _aBK
942 _cTESIS
942 _n0
999 _c110842
_d110842